Η Αιγιναία : εφημερίς φιλολογική, επιστημονική και τεχνολογική
Αποθηκεύτηκε σε:
| Κύριος συγγραφέας: | |
|---|---|
| Μορφή: | Βιβλίο |
| Γλώσσα: | Greek |
| Δημοσίευση: |
Αθήναι :
Βιβλιοπωλείο Νότη Καραβία,
|
| Θέματα: | |
| Ετικέτες: |
Προσθήκη ετικέτας
Δεν υπάρχουν, Καταχωρήστε ετικέτα πρώτοι!
|
MARC
| LEADER | 00000cam a2200000 i 4500 | ||
|---|---|---|---|
| 001 | 1/78960 | ||
| 008 | 961021s1985 gre d | ||
| 035 | |l 10004693 | ||
| 040 | |a GR-MY-UA |b gre |e aacr | ||
| 041 | 0 | |a gre | |
| 082 | 0 | |a 059.89 | |
| 100 | 1 | |a Αποστολίδης-Κοσμητής, Γεώργιος, |d 1803- | |
| 245 | 1 | 2 | |a Η Αιγιναία : |b εφημερίς φιλολογική, επιστημονική και τεχνολογική |
| 260 | |a Αθήναι : |b Βιβλιοπωλείο Νότη Καραβία, | ||
| 650 | 0 | |a Greek newspapers |z Greece |z Aigina (Municipality) | |
| 852 | |a INST |b LESVOS |e 19961021 |h 059.89 ΑΙΓ |p 005100008973 |q 005100008973 |t BK |y 0 | ||